Representaciones de grupos compactos y funciones esféricas /
Guardado en:
| Autor Principal: | |
|---|---|
| Otros Autores: | , |
| Formato: | Libro |
| Idioma: | Spanish |
| Publicado: |
[Buenos Aires] :
Universidad de Buenos Aires, Facultad de Ciencias Exactas y Naturales, Departamento de Matemáticas,
1964.
|
| Series: | Cursos y seminarios de matemática ;
fasc. 14 |
| Etiquetas: |
Agregar Etiqueta
Sin Etiquetas, Sea el primero en etiquetar este registro!
|
| LEADER | 00975nam a22002295a 4500 | ||
|---|---|---|---|
| 001 | MAT.inmabb001436 | ||
| 008 | 031124s1964####ag#######b####000#0#spa#d | ||
| 005 | 20180611155931.0 | ||
| 245 | 1 | 0 | |a Representaciones de grupos compactos y funciones esféricas / |c Jean Dieudonné. |
| 260 | |a [Buenos Aires] : |b Universidad de Buenos Aires, Facultad de Ciencias Exactas y Naturales, Departamento de Matemáticas, |c 1964. | ||
| 300 | |a 234 p. ; |c 27 cm. | ||
| 440 | 0 | |a Cursos y seminarios de matemática ; |v fasc. 14 | |
| 500 | |a Basado en las notas del curso dictado en la Univ. de Buenos Aires durante 1961. | ||
| 500 | |a Redacción de las notas a cargo de Porta y Toranzos. | ||
| 504 | |a Bibliografía: p. 233-234. | ||
| 100 | 1 | |a Dieudonné, Jean Alexandre, |d 1906- | |
| 700 | 1 | |a Porta, Horacio. |4 xxx | |
| 700 | 1 | |a Toranzos, Fausto A. |4 xxx | |
| 084 | |a 22-XX |2 msc2000 | ||
| 010 | |a 78218961 | ||
| 859 | |h 22 |i D567 |p A-1703 |b BIB. MATEMATICA | ||
| 859 | |h 22 |i D567 |p A-3174 |t Ej. 2 |b BIB. MATEMATICA | ||
